000 00305nam a22001337a 4500
008 170529b xxu||||| |||| 00| 0 eng d
020 _a9780713135831
041 _aeng
080 _a62
100 _a27
101 _aIM
245 _aCONTROL APPLICATIONS OF MICROCOMPUTERS
_cMITCHEL,P
942 _2udc
_cBK
999 _c14743
_d14743